Glossario calcistico - Quiz n°9 - Statistics

Statistiche generali
  • Questo quiz è stato fatto 18 volte
  • Il punteggio medio è 6 su 15
Statistiche sulle risposte
Definizione Risposta % Corretto
Tre gol realizzati da un calciatore in una stessa partita Tripletta
100%
Cartellino mostrato dall'arbitro in caso di ammonizione Cartellino giallo
93%
La sacca, agganciata dietro i pali e la traversa della porta, nella quale il pallone si ferma in caso di gol. È anche un sinonimo di gol stesso Rete
93%
Azione dello scivolare sul terreno di gioco allo scopo di togliere la palla ad un avversario Scivolata
86%
Sse riferito a un calciatore, colui che gioca su una delle due fasce, ricoprendo una posizione offensiva (centrocampista o attaccante). Se riferito alla parte del piede, indica le tre dita esterne del piede, utilizzate per calciare con effetti particolari, non ottenibili con il piatto o con il collo del piede Esterno
64%
Gesto tecnico che consiste nel colpire il pallone pochi istanti dopo che ha iniziato la fase ascendente del rimbalzo, imprimendogli un effetto e una potenza considerevoli Controbalzo
50%
Giocatore impiegato spesso come riserva Panchinaro
43%
Mossa di un giocatore per liberarsi dell'avversario Finta
36%
Movimento in diagonale effettuato durante un'azione offensiva per attraversare non frontalmente la linea difensiva avversaria e smarcarsi, in modo da guadagnare spazio utile per un tiro o un assist Taglio
29%
Modulo tattico che si caratterizza per una spiccata attitudine difensiva Catenaccio
21%
Quella parte dell'area di rigore in cui il portiere posiziona il pallone per il calcio di rinvio; una rimessa da parte dell'arbitro o un calcio di punizione indiretto in favore della squadra attaccante, accordato all'interno dell'area di porta, deve essere eseguito sulla linea della stessa, parallela alla linea di porta, nel punto più vicino a quello in cui si trovava il pallone al momento dell'interruzione (nel caso della rimessa), o a quello in cui è stata commessa l'infrazione (nel caso del calcio di punizione) Area di porta
14%
Termine spagnolo con cui si indica un fuoriclasse Crack
7%
Rete segnata da posizione laterale, tirando nell'angolo alto della porta opposto a quello in cui ci si trova. La variante più comune è quella consistente in una serie di finte per disorientare l'avversario, per poi accentrarsi e calciare Alla Del Piero
0%
Tiro effettuato in modo da far incurvare repentinamente la palla mentre è già in aria. Da non confondere con Foglia morta. Ascensore
0%
Repertorio dei gesti tecnici a disposizione dell’esperienza di un giocatore Bagaglio tecnico
0%
Nessun quiz corrispondente trovato
Distribuzione punteggi
Percentuale di utenti per punteggio
Percentile per numero di risposta
I tuoi punteggi nel tempo
Non hai fatto questo quiz